| 000 | 00912 a2200217 4500 | ||
|---|---|---|---|
| 999 |
_c5887 _d5887 |
||
| 020 | _a9780078096600 (hdbk. : alk. paper) | ||
| 050 | 0 | 0 | _aT 56 HIL 2010 |
| 100 | 1 |
_aHillier, Frederick S. _eAuthor |
|
| 245 | 1 | 0 |
_aIntroduction to management science: _ba modeling and case studies approach with spreadsheets / _cFrederick S. Hillier...[etal.] |
| 250 | _a4th ed. | ||
| 264 |
_aBoston: _bMcGraw-Hill, _c2010 |
||
| 300 |
_axix, 629 p. : _bill., maps ; |
||
| 500 | _aIncludes card for acces to McGraw-Hill's premium content and McGraw-Hill online resources. | ||
| 650 | 0 | _aManagement science. | |
| 650 | 0 | _aOperations research. | |
| 700 | 1 |
_aHillier, Mark S. _eAuthor |
|
| 700 | 1 |
_aStephens, Molly _eAuthor |
|
| 700 | 1 |
_aSchmedders, Karl _eAuthor |
|
| 942 |
_2lcc _cBK _e4th ed. _h56 _iHIL _kT |
||